000 00504nam a2200169Ia 4500
008 090201s9999 xx 000 0 und d
010 _aKPL-42656
040 _bमराठी
041 _aमराठी
082 _a7721
_b42656
100 _aमनोहर रेघे
245 _aमुळव्याध
_cमनोहर रेघे
260 _c2004
_bसाठवणे प्रकाशन
300 _a42
_bमोठा
600 _aमुळव्याध
942 _cBOOK
999 _c208430
_d208430